Normale Ansicht MARC-Ansicht ISBD

Von den Frankfurter priviligierten Apotheken in älterer Zeit (Titelsatznr. 71740)

[ MARC ]
MARC-Details
000 -Satzkennung
Kontrollfeld mit fester Länge 00502nam a2200181 4500
001 - Kontrollnummer
Kontrollfeld 10874
005 - Datum und Zeit der letzten Transaktion
Kontrollfeld 20201125172410.0
007 - Feld mit fester Länge zur physischen Beschreibung - Allgemeine Information
Kontrollfeld mit fester Länge tu
008 - Feld mit fester Länge zur physischen Beschreibung - Allgemeine Angaben
Kontrollfeld mit fester Länge s1970||||||| ger
100 1# - Haupteintragung - Personenname
Personenname Hoffmann, Erich
245 00 - Titel
Titel Von den Frankfurter priviligierten Apotheken in älterer Zeit
Verfasserangabe etc. Erich Hoffmann
264 ## - Produktion, Veröffentlichung, Distribution, Herstellung und Urheberrechtsvermerk
Produzent, Herausgeber, Distributor, Hersteller keiner
264 ## - Produktion, Veröffentlichung, Distribution, Herstellung und Urheberrechtsvermerk
Herstellungs-, Veröffentlichungs- Vertriebs-, Erzeugungsort [Frankfurt (Oder)]
Datum der Herstellung, der Veröffentlichung, des Vertriebs oder des Urheberschutzvermerks 1970
300 ## - Physische Beschreibung
Umfang 1 Bl. : 34 S.
365 ## - Handelspreis
Währungscode DEM
440 #0 - Gesamttitelangabe/Nebeneintragung unter dem Gesamttitel - Sachtitelwerk
Titel Studien zur älteren Geschichte Frankfurts
Bandnummer/Folgebezeichnung 12
Datensatzkontrollnummer R1005
546 ## - Fußnote zur Sprache
Sprache deutsch
Exemplare
Ausgeschieden Verloren Klassifikation oder Aufstellungssystematik Beschädigt Nicht entleihbar Heimatbibliothek Aufenthaltsbibliothek Erwerbungsdatum Kodierter Standort-Qualifier Anzahl Ausleihen Signatur Letzte Aktivität Preis gültig von Koha-Medientyp
    Andere/Generische Klassifikation     Stadtarchiv Frankfurt (Oder) | Archivbibliothek Stadtarchiv Frankfurt (Oder) | Archivbibliothek 25/11/2020 M   Altsignatur: HsM: 4° 12 Verweis StAFF 3-815 - SK 222 25/11/2020 25/11/2020 Bücher